[Event "First Saturday 09 July FM-A"]
[Site "Budapest"]
[Date "2009.07.09"]
[Round "6"]
[White "Ten Hagen, Yorick"]
[Black "Zoltan, Andras"]
[Result "1-0"]
[WhiteElo "2150"]
[BlackElo "1945"]
[PlyCount "33"]
[EventDate "2009.07.04"]

1. e4 e5 2. Nf3 Nc6 3. Bb5 Nd4 4. Nxd4 exd4 5. O-O c6 6. Bc4 Nf6 7. d3 d5 8.
exd5 Nxd5 9. Nd2 Be7 10. Ne4 O-O 11. Re1 Be6 12. Qh5 Qd7 13. Ng5 Bxg5 14. Bxg5
Nc7 15. Bf4 f6 16. Qf5 Rad8 17. Bxe6+ 1-0

[Event "First Saturday 09 July FM-A"]
[Site "Budapest"]
[Date "2009.07.09"]
[Round "6"]
[White "Borda, Lajos"]
[Black "Segelken, Peter"]
[Result "1/2-1/2"]
[WhiteElo "2070"]
[BlackElo "1912"]
[PlyCount "58"]
[EventDate "2009.07.04"]

1. d4 d5 2. a3 Nf6 3. e3 a6 4. c4 c6 5. Nc3 e6 6. Nf3 Be7 7. Bd3 h6 8. e4 dxe4
9. Nxe4 Nxe4 10. Bxe4 Nd7 11. Bc2 c5 12. dxc5 Nxc5 13. Qe2 a5 14. O-O Qc7 15.
Be3 a4 16. Nd4 Bd7 17. Nb5 Bxb5 18. cxb5 b6 19. Bd4 Bf6 20. Qf3 Ke7 21. Bxf6+
gxf6 22. Rac1 Qe5 23. Bb1 Rad8 24. Rc2 Rd4 25. Re2 Qd6 26. Rfe1 Rd8 27. g3 Rd1
28. Kg2 Rxe1 29. Rxe1 Qd7 1/2-1/2

[Event "First Saturday 09 July FM-A"]
[Site "Budapest"]
[Date "2009.07.10"]
[Round "7"]
[White "Zoltan, Andras"]
[Black "Borda, Lajos"]
[Result "0-1"]
[WhiteElo "1945"]
[BlackElo "2070"]
[PlyCount "76"]
[EventDate "2009.07.04"]

1. e4 c5 2. Nf3 a6 3. c3 d5 4. exd5 Qxd5 5. d4 Nf6 6. Be2 e6 7. O-O Bd6 8. c4
Qc6 9. Nc3 Nbd7 10. a3 b6 11. dxc5 bxc5 12. Ng5 Qc7 13. f4 Rb8 14. Nge4 Be7 15.
f5 Nxe4 16. Nxe4 exf5 17. Rxf5 Ne5 18. Rf1 O-O 19. Nc3 Be6 20. Nd5 Bxd5 21.
cxd5 c4 22. Kh1 Bd6 23. Qd4 Qb6 24. Qxb6 Rxb6 25. b4 cxb3 26. Be3 Rbb8 27. a4
Rb4 28. Bxa6 Ng4 29. Bd2 b2 30. Rab1 Rxa4 31. Bb5 Rd4 32. Bc3 Rxd5 33. Bc4 Rh5
34. h3 Ne3 35. Be2 Nxf1 36. Rxf1 Rc5 37. Bd4 Rcc8 38. Bxb2 Rc2 0-1

[Event "First Saturday 09 July FM-A"]
[Site "Budapest"]
[Date "2009.07.10"]
[Round "7"]
[White "Czibulka, Zoltan"]
[Black "Ten Hagen, Yorick"]
[Result "0-1"]
[WhiteElo "2087"]
[BlackElo "2150"]
[PlyCount "38"]
[EventDate "2009.07.04"]

1. Nf3 b5 2. e3 a6 3. a4 b4 4. b3 Bb7 5. Bb2 Nf6 6. Be2 e6 7. O-O c5 8. d3 Be7
9. Nbd2 d6 10. e4 Nbd7 11. e5 Ng4 12. exd6 Bxd6 13. Ne4 Bc7 14. Qd2 f5 15. Neg5
Qe7 16. g3 h6 17. Nh3 O-O 18. Nh4 Qxh4 19. Bxg4 Qxg4 0-1

[Event "First Saturday 09 July FM-A"]
[Site "Budapest"]
[Date "2009.07.10"]
[Round "7"]
[White "Koczo, Kristof"]
[Black "Schenkerik, Csaba"]
[Result "1/2-1/2"]
[WhiteElo "2242"]
[BlackElo "2153"]
[PlyCount "119"]
[EventDate "2009.07.04"]

1. d4 Nf6 2. c4 c5 3. d5 e5 4. Nc3 d6 5. e4 Be7 6. g3 Nbd7 7. Bg2 h5 8. h4 Nf8
9. f3 a6 10. a4 Ng6 11. Be3 Rb8 12. Qd2 Bd7 13. Bh3 Qc8 14. Bxd7+ Qxd7 15. Nge2
Bd8 16. a5 Bc7 17. Na4 Qd8 18. b4 cxb4 19. Nb6 Nd7 20. Qxb4 Bxb6 21. axb6 Qe7
22. Nc1 O-O 23. Nd3 Rfc8 24. Ra5 f5 25. Bg5 Qf8 26. O-O f4 27. gxf4 Nxf4 28.
Nxf4 exf4 29. Ra2 Ne5 30. Rc2 Rc5 31. Qd2 Rbc8 32. Qxf4 Rxc4 33. Rxc4 Rxc4 34.
Qxf8+ Kxf8 35. Bd8 a5 36. Bc7 Ke7 37. f4 Nf7 38. Re1 Rd4 39. Kf2 a4 40. Ke3 Rb4
41. Kd3 a3 42. Kc3 Rb5 43. Ra1 Ra5 44. Kc4 Ra8 45. e5 a2 46. Kb3 Ra5 47. Rxa2
Rxd5 48. Ra7 dxe5 49. Rxb7 Nd6 50. Bxd6+ Kxd6 51. f5 e4 52. Rxg7 Rxf5 53. Rg6+
Kd7 54. Rg5 Rf6 55. Rg7+ Kc8 56. b7+ Kb8 57. Kc4 Rf4 58. Kd4 Rxh4 59. Re7 e3+
60. Kxe3 1/2-1/2

[Event "First Saturday 09 July FM-A"]
[Site "Budapest"]
[Date "2009.07.10"]
[Round "7"]
[White "Yip, Michael"]
[Black "Hansen, Rene Rauer"]
[Result "1/2-1/2"]
[WhiteElo "2045"]
[BlackElo "1991"]
[PlyCount "81"]
[EventDate "2009.07.04"]

1. d4 d5 2. c4 c6 3. Nf3 Nf6 4. Nc3 dxc4 5. a4 Bf5 6. Ne5 e6 7. f3 Bb4 8. e4
Bxe4 9. fxe4 Nxe4 10. Bd2 Qxd4 11. Nxe4 Qxe4+ 12. Qe2 Bxd2+ 13. Kxd2 Qd5+ 14.
Kc2 O-O 15. Nxc4 Na6 16. Qe5 f6 17. Qxd5 cxd5 18. Na5 Rac8+ 19. Kb1 Nc5 20. Ra3
b6 21. Nb3 e5 22. Nd2 e4 23. b4 Ne6 24. Bb5 Rfd8 25. g4 Nd4 26. Ba6 Rc7 27. Rc1
Rxc1+ 28. Kxc1 g6 29. Rc3 f5 30. gxf5 gxf5 31. Kd1 f4 32. Rc7 e3 33. Nf1 Re8
34. Rxa7 e2+ 35. Bxe2 Nxe2 36. a5 bxa5 37. bxa5 Nc3+ 38. Kd2 d4 39. a6 Re2+ 40.
Kd3 Ra2 41. Rd7 1/2-1/2

[Event "First Saturday 09 July FM-A"]
[Site "Budapest"]
[Date "2009.07.10"]
[Round "7"]
[White "Greeff, Melissa"]
[Black "Katona, Jozsef"]
[Result "1/2-1/2"]
[WhiteElo "2038"]
[BlackElo "1962"]
[PlyCount "109"]
[EventDate "2009.07.04"]

1. e4 c5 2. Nf3 e6 3. d4 cxd4 4. Nxd4 a6 5. Bd3 Ne7 6. O-O Nbc6 7. c3 b5 8. Qe2
Ne5 9. Bc2 Bb7 10. f4 Nc4 11. a4 Nc6 12. b3 Nxd4 13. cxd4 Qb6 14. Rd1 Na5 15.
Be3 Rc8 16. Ra2 b4 17. Nd2 Qc7 18. Bd3 Be7 19. Rc2 Qd8 20. Rxc8 Qxc8 21. Qg4
O-O 22. f5 f6 23. Qh5 Qc3 24. Qe2 Nxb3 25. Nxb3 Qxb3 26. fxe6 Qxe6 27. d5 Qe5
28. g3 b3 29. Bc4 Bd6 30. Bd4 Qe7 31. Bxb3 Kh8 32. Bc4 a5 33. Rb1 Bb4 34. Qe3
d6 35. Kg2 Re8 36. Kf3 Qc7 37. Bb5 Rc8 38. Rf1 Qf7 39. g4 Bc5 40. Bxc5 Rxc5 41.
Rc1 Rxc1 42. Qxc1 h5 43. h3 h4 44. Qc3 Qe7 45. Qxa5 Qe5 46. Qe1 g5 47. Qe3 Qh2
48. a5 Qxh3+ 49. Kf2 Qh2+ 50. Ke1 Qh1+ 51. Kf2 Qh2+ 52. Ke1 Qb2 53. Qb6 Qb1+
54. Kd2 Qb2+ 55. Ke3 1/2-1/2

[Event "First Saturday 09 July FM-A"]
[Site "Budapest"]
[Date "2009.07.11"]
[Round "8"]
[White "Hansen, Rene Rauer"]
[Black "Greeff, Melissa"]
[Result "1/2-1/2"]
[WhiteElo "1991"]
[BlackElo "2038"]
[PlyCount "69"]
[EventDate "2009.07.04"]

1. d4 d5 2. c4 c6 3. Nf3 Nf6 4. Nc3 dxc4 5. a4 Bf5 6. e3 e6 7. Bxc4 Bb4 8. O-O
O-O 9. Ne2 Nbd7 10. Ng3 Bg6 11. b3 Qe7 12. Bb2 Rad8 13. Qe2 Nh5 14. Rac1 Nxg3
15. hxg3 Bh5 16. Qc2 c5 17. Bd3 Bg6 18. Bxg6 hxg6 19. Rfd1 cxd4 20. Rxd4 e5 21.
Rh4 Bd6 22. Kh2 Rc8 23. Rc4 Rxc4 24. Qxc4 Nb6 25. Qb5 Re8 26. a5 Na8 27. Qd5 b6
28. Rd1 Bc7 29. axb6 Nxb6 30. Qc6 Rc8 31. Qb5 e4 32. Nd4 Be5 33. Nc6 Rxc6 34.
Qxe5 Qxe5 35. Bxe5 1/2-1/2

[Event "First Saturday 09 July FM-A"]
[Site "Budapest"]
[Date "2009.07.11"]
[Round "8"]
[White "Schenkerik, Csaba"]
[Black "Yip, Michael"]
[Result "1/2-1/2"]
[WhiteElo "2153"]
[BlackElo "2045"]
[PlyCount "24"]
[EventDate "2009.07.04"]

1. e4 e5 2. Nc3 Nc6 3. f4 exf4 4. d4 Qh4+ 5. Ke2 d6 6. Nf3 Bg4 7. Kd3 Qh5 8.
Bxf4 f5 9. Be2 fxe4+ 10. Kxe4 O-O-O 11. Ke3 Re8+ 12. Kf2 Nf6 1/2-1/2

[Event "First Saturday 09 July FM-A"]
[Site "Budapest"]
[Date "2009.07.11"]
[Round "8"]
[White "Ten Hagen, Yorick"]
[Black "Koczo, Kristof"]
[Result "1-0"]
[WhiteElo "2150"]
[BlackElo "2242"]
[PlyCount "143"]
[EventDate "2009.07.04"]

1. e4 c6 2. d4 d5 3. Nc3 dxe4 4. Nxe4 Nd7 5. Ng5 Ngf6 6. Bd3 h6 7. Ne6 Qa5+ 8.
Bd2 Qb6 9. Nf3 fxe6 10. Bg6+ Kd8 11. O-O c5 12. c4 Qc6 13. dxc5 Qxc5 14. Nd4
Qxd4 15. Ba5+ Qb6 16. Bxb6+ axb6 17. Re1 h5 18. b4 Rh6 19. Bf7 Ne8 20. Bxe6 Nc7
21. Bf5 e6 22. Be4 Bxb4 23. Re3 Ra3 24. Rxa3 Bxa3 25. Qa4 Bd6 26. Rd1 Ke7 27.
Rxd6 Kxd6 28. Qb4+ Ke5 29. f3 Kf6 30. Qd2 Ke7 31. Qg5+ Rf6 32. Qxg7+ Rf7 33.
Qh8 Ne8 34. Bg6 Rf8 35. Qxh5 Nef6 36. Qb5 Rg8 37. Bc2 Ne8 38. h4 Nd6 39. Qb4
Ne5 40. Kf2 Nexc4 41. h5 e5 42. Bd3 b5 43. g4 Bxg4 44. Bxc4 bxc4 45. fxg4 Rxg4
46. Qa5 Ke6 47. Qa8 Rf4+ 48. Ke1 Rf6 49. Qg8+ Kf5 50. Qh7+ Kg5 51. Qg7+ Kf5 52.
h6 Nf7 53. h7 b6 54. Ke2 Ke6 55. Qg4+ Kd5 56. Qd7+ Ke4 57. a4 Kf4 58. Qxf7 Rxf7
59. h8=Q Kf5 60. Qh3+ Kg6 61. Qg2+ Kh7 62. Qh1+ Kg8 63. Qg1+ Kf8 64. Qxb6 Re7
65. Qf6+ Ke8 66. Qc6+ Kd8 67. Qxc4 Rc7 68. Qd5+ Kc8 69. Qa8+ Kd7 70. a5 Rc6 71.
a6 Rb6 72. Qd5+ 1-0

[Event "First Saturday 09 July FM-A"]
[Site "Budapest"]
[Date "2009.07.11"]
[Round "8"]
[White "Borda, Lajos"]
[Black "Czibulka, Zoltan"]
[Result "0-1"]
[WhiteElo "2070"]
[BlackElo "2087"]
[PlyCount "66"]
[EventDate "2009.07.04"]

1. d4 e6 2. a3 Nf6 3. c4 d5 4. e3 Nbd7 5. Nf3 Be7 6. Nc3 c6 7. Bd3 O-O 8. O-O
h6 9. b3 a6 10. Bb2 b5 11. Qe2 Bb7 12. Rfd1 Qb6 13. e4 dxe4 14. Nxe4 Nxe4 15.
Bxe4 Rfe8 16. Ne5 Nxe5 17. dxe5 Rad8 18. cxb5 cxb5 19. Qf3 Bxe4 20. Qxe4 Bc5
21. Qf4 Rxd1+ 22. Rxd1 Rd8 23. Rc1 Bxf2+ 24. Qxf2 Qxf2+ 25. Kxf2 Rd2+ 26. Kf3
Rxb2 27. Rc3 a5 28. h4 h5 29. g3 Ra2 30. b4 axb4 31. axb4 Rb2 32. Kf4 g6 33.
Kg5 Kg7 0-1

[Event "First Saturday 09 July FM-A"]
[Site "Budapest"]
[Date "2009.07.11"]
[Round "8"]
[White "Segelken, Peter"]
[Black "Zoltan, Andras"]
[Result "0-1"]
[WhiteElo "1912"]
[BlackElo "1945"]
[PlyCount "66"]
[EventDate "2009.07.04"]

1. e4 e5 2. Nf3 Nc6 3. Bb5 Nd4 4. Nxd4 exd4 5. O-O c6 6. Bc4 Nf6 7. d3 d5 8.
exd5 Nxd5 9. Re1+ Be7 10. Qe2 Be6 11. f4 Qd7 12. h3 g6 13. c3 Bh4 14. Rf1 dxc3
15. bxc3 O-O-O 16. d4 Nxc3 17. Nxc3 Qxd4+ 18. Be3 Qxc4 19. Qxc4 Bxc4 20. Rfd1
Bf6 21. Rac1 Bxc3 22. Rxd8+ Rxd8 23. Rxc3 Bxa2 24. Bxa7 Kc7 25. Bf2 Rd1+ 26.
Kh2 Bd5 27. g4 b5 28. Bc5 Rb1 29. Re3 b4 30. Re7+ Kd8 31. f5 gxf5 32. gxf5 b3
33. f6 b2 0-1

[Event "First Saturday 09 July FM-A"]
[Site "Budapest"]
[Date "2009.07.12"]
[Round "9"]
[White "Czibulka, Zoltan"]
[Black "Segelken, Peter"]
[Result "1-0"]
[WhiteElo "2087"]
[BlackElo "1912"]
[PlyCount "117"]
[EventDate "2009.07.04"]

1. Nf3 d5 2. c4 c6 3. b3 Nf6 4. Bb2 e6 5. e3 Be7 6. Be2 O-O 7. O-O Nbd7 8. d3
h6 9. Nbd2 Nh7 10. e4 dxe4 11. dxe4 Qc7 12. Qc2 Bf6 13. Rad1 Bxb2 14. Qxb2 e5
15. b4 b6 16. Qc3 c5 17. a3 Re8 18. Rfe1 Nhf8 19. Nf1 Ne6 20. Ne3 Bb7 21. Nd5
Bxd5 22. cxd5 Nd4 23. Bf1 Nxf3+ 24. Qxf3 Qd6 25. Bb5 Rac8 26. Bc6 Red8 27. Qb3
Nb8 28. b5 Rc7 29. a4 g6 30. a5 Kg7 31. Ra1 Nd7 32. Ra4 f5 33. exf5 gxf5 34.
axb6 Nxb6 35. Qf3 Kh7 36. Rh4 e4 37. Qh3 Rf8 38. f3 Re7 39. fxe4 Rxe4 40. Rhxe4
fxe4 41. Qe6 Qf4 42. Qxe4+ Qxe4 43. Rxe4 Rd8 44. Re7+ Kg6 45. Rxa7 c4 46. Kf2
Nxd5 47. Ra4 Nb6 48. Ra6 Rb8 49. Ke3 Kf5 50. Kd4 Rd8+ 51. Kc3 Rb8 52. Kb4 Ke5
53. Kc5 c3 54. Ra1 Kf4 55. Kd4 c2 56. Rf1+ Kg5 57. Kc3 Nc8 58. Kxc2 Nb6 59. Kb3
1-0

[Event "First Saturday 09 July FM-A"]
[Site "Budapest"]
[Date "2009.07.12"]
[Round "9"]
[White "Koczo, Kristof"]
[Black "Borda, Lajos"]
[Result "1-0"]
[WhiteElo "2242"]
[BlackElo "2070"]
[PlyCount "63"]
[EventDate "2009.07.04"]

1. d4 Nf6 2. c4 e6 3. Nc3 b6 4. e4 d6 5. Bd3 Bb7 6. f4 Be7 7. Nf3 Nfd7 8. Be3
c5 9. d5 e5 10. fxe5 Nxe5 11. Nxe5 dxe5 12. Qg4 Bf6 13. O-O a6 14. Rf2 Qd6 15.
Raf1 Nd7 16. Bc2 h6 17. Ba4 Rc8 18. Bxd7+ Qxd7 19. Qxd7+ Kxd7 20. Na4 b5 21.
Nb6+ Kd6 22. Nxc8+ Bxc8 23. cxb5 axb5 24. Rc2 c4 25. b3 Bd7 26. bxc4 bxc4 27.
Rb1 Rc8 28. Rb6+ Ke7 29. Rb4 Bg5 30. Bxg5+ hxg5 31. Rcxc4 Ra8 32. a4 1-0

[Event "First Saturday 09 July FM-A"]
[Site "Budapest"]
[Date "2009.07.12"]
[Round "9"]
[White "Yip, Michael"]
[Black "Ten Hagen, Yorick"]
[Result "0-1"]
[WhiteElo "2045"]
[BlackElo "2150"]
[PlyCount "32"]
[EventDate "2009.07.04"]

1. d4 Nf6 2. c4 g6 3. Nc3 d5 4. Nf3 Bg7 5. Qb3 dxc4 6. Qxc4 O-O 7. e4 Na6 8.
Qb3 c5 9. d5 e6 10. Be2 exd5 11. exd5 Re8 12. O-O Bf5 13. Rd1 Nb4 14. Bb5 Bc2
15. Qc4 Bxd1 16. Bxe8 Bxf3 0-1

[Event "First Saturday 09 July FM-A"]
[Site "Budapest"]
[Date "2009.07.12"]
[Round "9"]
[White "Greeff, Melissa"]
[Black "Schenkerik, Csaba"]
[Result "1-0"]
[WhiteElo "2038"]
[BlackElo "2153"]
[PlyCount "101"]
[EventDate "2009.07.04"]

1. e4 Nf6 2. e5 Nd5 3. d4 d6 4. c4 Nb6 5. exd6 exd6 6. Nc3 Be7 7. Bd3 Nc6 8.
Nge2 O-O 9. O-O Nb4 10. Bb1 Nxc4 11. a3 d5 12. axb4 Bxb4 13. b3 Nb6 14. Qd3 g6
15. Qg3 Bd6 16. Bf4 Bxf4 17. Nxf4 c6 18. h4 Qf6 19. Rd1 Bf5 20. Bxf5 Qxf5 21.
Nd3 Rfe8 22. Nc5 Re7 23. Re1 Qf6 24. Rxe7 Qxe7 25. Qg5 f6 26. Qe3 Qf7 27. Re1
Kf8 28. Qe6 Qxe6 29. Rxe6 Kf7 30. Re1 Rb8 31. g4 Nc8 32. Nd7 Ra8 33. g5 fxg5
34. hxg5 Nd6 35. Ne5+ Kg7 36. Na4 Nf5 37. Rd1 Re8 38. f4 Nd6 39. Kf2 Rf8 40.
Ke3 Nf5+ 41. Kf3 Re8 42. Nc5 Re7 43. Ke2 Nd6 44. Kd3 Re8 45. Rh1 Re7 46. Ncd7
Ne4 47. Rh2 Nd6 48. Nf6 h5 49. gxh6+ Kxf6 50. h7 Nf7 51. Nxf7 1-0

[Event "First Saturday 09 July FM-A"]
[Site "Budapest"]
[Date "2009.07.12"]
[Round "9"]
[White "Katona, Jozsef"]
[Black "Hansen, Rene Rauer"]
[Result "0-1"]
[WhiteElo "1962"]
[BlackElo "1991"]
[PlyCount "112"]
[EventDate "2009.07.04"]

1. d4 Nf6 2. c4 g6 3. g3 Bg7 4. Bg2 d6 5. Nc3 Nbd7 6. Nf3 O-O 7. O-O e5 8. e4
c6 9. h3 Re8 10. Be3 exd4 11. Nxd4 Nc5 12. Qc2 a5 13. Rfe1 Qc7 14. Rad1 a4 15.
Ncb5 cxb5 16. Nxb5 Qe7 17. Nxd6 Qc7 18. Nxe8 Nxe8 19. Rd5 b6 20. e5 Bb7 21.
Rxc5 bxc5 22. Bxb7 Qxb7 23. Bxc5 Nc7 24. b4 axb3 25. axb3 Ne6 26. Bd6 Nd4 27.
Qe4 Qxe4 28. Rxe4 Nxb3 29. c5 Rc8 30. c6 Nd2 31. Re2 Nf3+ 32. Kg2 Nd4 33. Re4
Nxc6 34. f4 Bf8 35. Rc4 Ne7 36. Rc7 Rxc7 37. Bxc7 Nd5 38. Ba5 Bb4 39. Bd8 Kf8
40. Kf3 Ke8 41. Bg5 Be7 42. Bh6 Bf8 43. Bg5 h6 44. Bh4 Be7 45. Bxe7 Kxe7 46. g4
Ke6 47. Ke4 f5+ 48. exf6 Nxf6+ 49. Kf3 Kd5 50. h4 h5 51. f5 hxg4+ 52. Kf4 gxf5
53. Kxf5 g3 54. Kxf6 g2 55. h5 g1=Q 56. h6 Qg8 0-1

[Event "First Saturday 09 July FM-A"]
[Site "Budapest"]
[Date "2009.07.13"]
[Round "10"]
[White "Ten Hagen, Yorick"]
[Black "Greeff, Melissa"]
[Result "1/2-1/2"]
[WhiteElo "2150"]
[BlackElo "2038"]
[PlyCount "63"]
[EventDate "2009.07.04"]

1. e4 c5 2. Nf3 e6 3. d4 cxd4 4. Nxd4 a6 5. Bd3 Nc6 6. Nxc6 dxc6 7. O-O e5 8.
Bc4 Qxd1 9. Rxd1 Nf6 10. f3 Bc5+ 11. Kf1 O-O 12. a3 b5 13. Ba2 a5 14. Ke2 Ba6
15. Be3 Be7 16. Kf2 Rfd8 17. Nd2 Nd7 18. a4 bxa4 19. Nc4 Bxc4 20. Bxc4 Bc5 21.
Rd3 Bxe3+ 22. Kxe3 Nb6 23. Rc3 Rd6 24. Be2 Kf8 25. Rc5 f6 26. b3 axb3 27. cxb3
a4 28. bxa4 Nxa4 29. Rc2 Nb6 30. Rxa8+ Nxa8 31. Ba6 Nc7 32. Bb7 1/2-1/2

[Event "First Saturday 09 July FM-A"]
[Site "Budapest"]
[Date "2009.07.13"]
[Round "10"]
[White "Borda, Lajos"]
[Black "Yip, Michael"]
[Result "1-0"]
[WhiteElo "2070"]
[BlackElo "2045"]
[PlyCount "63"]
[EventDate "2009.07.04"]

1. d4 d5 2. a3 Nf6 3. e3 c6 4. c4 e6 5. Nc3 Nbd7 6. Nf3 Bd6 7. Bd3 dxc4 8. Bxc4
b5 9. Bd3 Bb7 10. b4 a5 11. Rb1 axb4 12. axb4 Qe7 13. Bd2 O-O 14. e4 e5 15.
dxe5 Nxe5 16. Nxe5 Bxe5 17. Qe2 Rad8 18. f4 Bd4 19. e5 Ng4 20. Qxg4 Bxc3 21.
Bxh7+ Kxh7 22. Bxc3 Rd7 23. O-O c5 24. f5 f6 25. Rbe1 Qd8 26. e6 Rc7 27. Re3
Kg8 28. Rh3 Qd5 29. Rf2 Rd8 30. Rd2 Qxd2 31. Bxd2 Rxd2 32. Qh5 1-0

[Event "First Saturday 09 July FM-A"]
[Site "Budapest"]
[Date "2009.07.13"]
[Round "10"]
[White "Segelken, Peter"]
[Black "Koczo, Kristof"]
[Result "0-1"]
[WhiteElo "1912"]
[BlackElo "2242"]
[PlyCount "84"]
[EventDate "2009.07.04"]

1. e4 c5 2. Nf3 d6 3. d4 cxd4 4. Nxd4 Nf6 5. Nc3 a6 6. Be2 e6 7. O-O Be7 8. a4
Nc6 9. Be3 Bd7 10. Kh1 Rc8 11. f4 Qc7 12. Qd2 Nxd4 13. Bxd4 Bc6 14. Qe3 Rg8 15.
Bb6 Qd7 16. e5 Nd5 17. Nxd5 Bxd5 18. c3 Qc6 19. Bf3 Bxf3 20. Rxf3 g6 21. a5 d5
22. Rd1 Bc5 23. Bxc5 Qxc5 24. Qxc5 Rxc5 25. b4 Rc4 26. g3 Kd7 27. Kg2 Rgc8 28.
Rdd3 b6 29. axb6 Kc6 30. Rd4 Rxd4 31. cxd4 Kxb6 32. g4 Rc2+ 33. Kg3 Kb5 34. f5
Rc7 35. fxe6 fxe6 36. Ra3 Ra7 37. Rb3 Kc4 38. Rb2 Kxd4 39. Kf4 Rf7+ 40. Kg5
Kxe5 41. b5 axb5 42. Rxb5 Ke4 0-1

[Event "First Saturday 09 July FM-A"]
[Site "Budapest"]
[Date "2009.07.13"]
[Round "10"]
[White "Zoltan, Andras"]
[Black "Czibulka, Zoltan"]
[Result "1-0"]
[WhiteElo "1945"]
[BlackElo "2087"]
[PlyCount "141"]
[EventDate "2009.07.04"]

1. e4 e6 2. d3 d5 3. Nd2 Nf6 4. Ngf3 c5 5. g3 Be7 6. Bg2 Nc6 7. O-O O-O 8. e5
Nd7 9. Re1 Qc7 10. Qe2 b5 11. Nf1 Bb7 12. h4 Rac8 13. Bf4 c4 14. d4 Rfe8 15. c3
b4 16. Ne3 Qa5 17. Qc2 Nf8 18. h5 Qd8 19. Ng4 Qb6 20. Bg5 Bxg5 21. Nxg5 h6 22.
Nh3 Ne7 23. Qd2 Nf5 24. Ne3 Ne7 25. cxb4 Nc6 26. Nc2 a5 27. a3 Rb8 28. bxa5
Nxa5 29. Qc3 Nc6 30. g4 Ba8 31. Rab1 Qd8 32. b4 cxb3 33. Nb4 Na5 34. Bf3 Rc8
35. Qd3 Bc6 36. Bd1 Ba4 37. f4 Qc7 38. g5 Qc3 39. Re3 Qxd3 40. Rxd3 Rc4 41.
gxh6 gxh6 42. Nf2 Kh7 43. Ng4 Nd7 44. Ne3 Rec8 45. Nxc4 dxc4 46. Rc3 Nb6 47.
Bf3 Rd8 48. Be4+ Kh8 49. Rd1 Be8 50. Kf2 Na4 51. Rg3 f5 52. exf6 Bf7 53. Rg7
Bg8 54. Rg6 Rd7 55. Rxh6+ Bh7 56. Rg1 b2 57. Rxh7+ Rxh7 58. Bxh7 Kxh7 59. f7
b1=Q 60. f8=N+ Kh6 61. Rxb1 Kxh5 62. Kf3 Kh6 63. Rh1+ Kg7 64. Nxe6+ Kf6 65.
Rh6+ Ke7 66. Nc5 Nc3 67. Nc6+ Nxc6 68. Rxc6 Nb5 69. Ke4 Nxa3 70. d5 Nb5 71. Na4
1-0

[Event "First Saturday 09 July FM-A"]
[Site "Budapest"]
[Date "2009.07.14"]
[Round "11"]
[White "Koczo, Kristof"]
[Black "Zoltan, Andras"]
[Result "1-0"]
[WhiteElo "2242"]
[BlackElo "1945"]
[PlyCount "85"]
[EventDate "2009.07.04"]

1. d4 d5 2. Bf4 Bf5 3. e3 e6 4. c4 Bxb1 5. Qa4+ Qd7 6. Qxd7+ Nxd7 7. Rxb1 Bb4+
8. Kd1 dxc4 9. Bxc4 Ngf6 10. Ke2 O-O 11. Nf3 Bd6 12. Bg5 h6 13. Bh4 Nd5 14.
Rhc1 N7b6 15. Bb3 Rfe8 16. Bg3 Bxg3 17. hxg3 Rac8 18. a4 Nd7 19. a5 c6 20. Ba4
Nb8 21. Ne5 f6 22. Nd3 Re7 23. b4 Rd8 24. b5 cxb5 25. Rxb5 Na6 26. e4 Ndc7 27.
Rxb7 Rxd4 28. Bc6 Kf7 29. Rxa7 f5 30. Ke3 Rd8 31. Rb7 Rd6 32. e5 Rxc6 33. Rxc6
Nd5+ 34. Kd4 Rxb7 35. Rxa6 Nc7 36. Rc6 Ke7 37. a6 Ra7 38. Nb4 Kd7 39. Kc5 Ra8
40. Rb6 h5 41. Rb7 g5 42. Kb6 Rc8 43. a7 1-0

[Event "First Saturday 09 July FM-A"]
[Site "Budapest"]
[Date "2009.07.14"]
[Round "11"]
[White "Yip, Michael"]
[Black "Segelken, Peter"]
[Result "1-0"]
[WhiteElo "2045"]
[BlackElo "1912"]
[PlyCount "45"]
[EventDate "2009.07.04"]

1. d4 d5 2. c4 c6 3. Nf3 Nf6 4. Nc3 g6 5. cxd5 cxd5 6. Bf4 e6 7. e3 a6 8. Bd3
Bg7 9. h3 O-O 10. O-O Nc6 11. Qe2 Nb4 12. Bb1 a5 13. a3 Nc6 14. Bd3 Nd7 15.
Rfd1 Re8 16. Rac1 e5 17. dxe5 Ndxe5 18. Nxe5 Nxe5 19. Bb5 Bd7 20. Nxd5 Bxb5 21.
Qxb5 Qd7 22. Qxd7 Nxd7 23. Nc7 1-0

[Event "First Saturday 09 July FM-A"]
[Site "Budapest"]
[Date "2009.07.14"]
[Round "11"]
[White "Greeff, Melissa"]
[Black "Borda, Lajos"]
[Result "1/2-1/2"]
[WhiteElo "2038"]
[BlackElo "2070"]
[PlyCount "124"]
[EventDate "2009.07.04"]

1. e4 c5 2. Nf3 a6 3. c3 d5 4. exd5 Qxd5 5. d4 Nf6 6. Be2 e6 7. O-O Bd6 8. c4
Qc6 9. Nc3 Nbd7 10. Re1 O-O 11. h3 Qc7 12. Be3 b6 13. Qd2 Bb7 14. Rad1 Rad8 15.
b3 cxd4 16. Nxd4 Bb4 17. Qc2 Qe5 18. Bd3 Nc5 19. f4 Qc7 20. Rf1 Nxd3 21. Qxd3
Rfe8 22. Na4 Bc6 23. Qb1 Bxa4 24. bxa4 Bc5 25. Qc1 e5 26. Nb3 Rxd1 27. Rxd1
exf4 28. Bxc5 bxc5 29. Re1 Re6 30. Qd2 h6 31. Qf2 Ne4 32. Qc2 Ng5 33. Rxe6 Nxe6
34. Qe4 Ng5 35. Qd5 f3 36. gxf3 Qg3+ 37. Kf1 Nxf3 38. Ke2 Ng1+ 39. Kd2 Qf2+ 40.
Kd1 Qe2+ 41. Kc1 Qxa2 42. Qd8+ Kh7 43. Qd3+ g6 44. Nxc5 Ne2+ 45. Kd1 Nf4 46.
Qe4 Nxh3 47. Qd4 Ng5 48. Kc1 Qa3+ 49. Kd1 a5 50. Ke2 Qf3+ 51. Kd2 Qc6 52. Kc2
Qg2+ 53. Kc1 Qf1+ 54. Kb2 Qe2+ 55. Kc1 h5 56. Nd7 Qe1+ 57. Kb2 Qb4+ 58. Kc1
Qa3+ 59. Kb1 Ne6 60. Nf6+ Kh6 61. Ng8+ Kh7 62. Nf6+ Kh6 1/2-1/2

[Event "First Saturday 09 July FM-A"]
[Site "Budapest"]
[Date "2009.07.14"]
[Round "11"]
[White "Katona, Jozsef"]
[Black "Ten Hagen, Yorick"]
[Result "0-1"]
[WhiteElo "1962"]
[BlackElo "2150"]
[PlyCount "142"]
[EventDate "2009.07.04"]

1. d4 Nf6 2. c4 g6 3. g3 Bg7 4. Bg2 O-O 5. Nc3 c6 6. e4 d6 7. Nge2 Nbd7 8. O-O
Qb6 9. h3 e5 10. Be3 exd4 11. Bxd4 Qd8 12. b3 Re8 13. Qc2 Qe7 14. Rfe1 Nc5 15.
f3 Nh5 16. Bxg7 Nxg7 17. b4 Nd7 18. b5 Ne5 19. bxc6 bxc6 20. Nd4 Qc7 21. Nd1
Qb6 22. Qc3 Ne6 23. c5 Qxc5 24. Qxc5 dxc5 25. Nxe6 Bxe6 26. f4 Nd3 27. Re3 Nb4
28. Rc1 Nxa2 29. Rxc5 Nb4 30. Nc3 a5 31. e5 a4 32. Bxc6 Nxc6 33. Rxc6 a3 34.
Re1 a2 35. Ra1 Rec8 36. Rxe6 fxe6 37. Rxa2 Rxa2 38. Nxa2 g5 39. fxg5 Rc5 40. h4
Rxe5 41. Kf2 Rc5 42. Nb4 e5 43. Nd3 Ra5 44. Ke3 Kf7 45. g4 Ke6 46. h5 Ra3 47.
Ke2 e4 48. Nc5+ Kd5 49. Nd7 Ra7 50. Nf6+ Kd4 51. g6 hxg6 52. h6 Ra2+ 53. Kf1
Ra8 54. Kg2 Ke5 55. g5 Kf5 56. h7 Rh8 57. Kg3 e3 58. Kf3 Kxg5 59. Ne4+ Kh6 60.
Kxe3 Rxh7 61. Kf4 Ra7 62. Kg3 g5 63. Nf2 Kh5 64. Ne4 Ra3+ 65. Kg2 Kh4 66. Nf6
g4 67. Ne4 Ra2+ 68. Kg1 g3 69. Kh1 Ra4 70. Nc3 Rc4 71. Ne2 Kg4 0-1

[Event "First Saturday 09 July FM-A"]
[Site "Budapest"]
[Date "2009.07.14"]
[Round "11"]
[White "Hansen, Rene Rauer"]
[Black "Schenkerik, Csaba"]
[Result "0-1"]
[WhiteElo "1991"]
[BlackElo "2153"]
[PlyCount "74"]
[EventDate "2009.07.04"]

1. d4 Nf6 2. c4 g6 3. Nf3 Bg7 4. g3 O-O 5. Bg2 d6 6. O-O Nbd7 7. Nc3 c5 8. d5
a6 9. e4 Rb8 10. a4 Ng4 11. Nd2 Nde5 12. Qe2 f5 13. h3 Nh6 14. f4 Nef7 15. Nf3
fxe4 16. Nxe4 Nf5 17. Kh2 Bd7 18. g4 Nd4 19. Nxd4 Bxd4 20. f5 b5 21. axb5 axb5
22. fxg6 hxg6 23. Ng5 Nxg5 24. Bxg5 Be5+ 25. Kh1 bxc4 26. Bh6 Rf6 27. Rxf6 exf6
28. Qxc4 Rxb2 29. Re1 Qa5 30. Qf1 Bb5 31. Qg1 Ra2 32. Bc1 Qc3 33. Be3 Ra1 34.
Rxa1 Qxa1 35. Bc1 Qc3 36. Bf1 Bd4 37. Qg2 Qxc1 0-1